<?xml version="1.0" encoding="UTF-8"?>
<record
    xmlns:xsi="http://www.w3.org/2001/XMLSchema-instance"
    xsi:schemaLocation="http://www.loc.gov/MARC21/slim http://www.loc.gov/standards/marcxml/schema/MARC21slim.xsd"
    xmlns="http://www.loc.gov/MARC21/slim">

  <leader>02733nam a22003377a 4500</leader>
  <controlfield tag="005">20120120160545.0</controlfield>
  <datafield tag="010" ind1=" " ind2=" ">
    <subfield code="a">B-445766-777</subfield>
  </datafield>
  <datafield tag="020" ind1=" " ind2=" ">
    <subfield code="a">9780143414988</subfield>
    <subfield code="c">250.00</subfield>
  </datafield>
  <datafield tag="035" ind1=" " ind2=" ">
    <subfield code="a">B-445766-777</subfield>
  </datafield>
  <datafield tag="037" ind1=" " ind2=" ">
    <subfield code="a">dpl</subfield>
    <subfield code="b">Allied Pub/Ven</subfield>
  </datafield>
  <datafield tag="082" ind1=" " ind2=" ">
    <subfield code="a">N</subfield>
  </datafield>
  <datafield tag="100" ind1=" " ind2=" ">
    <subfield code="a">Narayan, R.K.</subfield>
    <subfield code="9">40832</subfield>
  </datafield>
  <datafield tag="245" ind1=" " ind2=" ">
    <subfield code="a">The Guide :</subfield>
    <subfield code="c">by  R.K. Narayan</subfield>
    <subfield code="b">with an introduction by pico lyer/</subfield>
  </datafield>
  <datafield tag="260" ind1=" " ind2=" ">
    <subfield code="a">New Delhi</subfield>
    <subfield code="b">Penguin Books</subfield>
    <subfield code="c">2010</subfield>
  </datafield>
  <datafield tag="270" ind1=" " ind2=" ">
    <subfield code="a">11 Community Centre, Panchsheel Park</subfield>
    <subfield code="b">New Delhi</subfield>
    <subfield code="e">110017</subfield>
  </datafield>
  <datafield tag="300" ind1=" " ind2=" ">
    <subfield code="a">xvii,203p.</subfield>
    <subfield code="c">17cm(pbk)</subfield>
  </datafield>
  <datafield tag="942" ind1=" " ind2=" ">
    <subfield code="2">ddc</subfield>
    <subfield code="c">EN</subfield>
    <subfield code="m">NAR</subfield>
    <subfield code="h">N</subfield>
  </datafield>
  <datafield tag="999" ind1=" " ind2=" ">
    <subfield code="c">61332</subfield>
    <subfield code="d">61332</subfield>
  </datafield>
  <datafield tag="952" ind1=" " ind2=" ">
    <subfield code="0">0</subfield>
    <subfield code="1">0</subfield>
    <subfield code="4">0</subfield>
    <subfield code="7">0</subfield>
    <subfield code="8">FIC</subfield>
    <subfield code="a">L</subfield>
    <subfield code="b">L</subfield>
    <subfield code="d">2012-02-06</subfield>
    <subfield code="e">Allied Pub/1143/26.09.2011/04/15.09.2011/09.11.2011</subfield>
    <subfield code="g">250.00</subfield>
    <subfield code="l">0</subfield>
    <subfield code="o">N NAR</subfield>
    <subfield code="p">B-445766</subfield>
    <subfield code="r">2012-02-06 00:00:00</subfield>
    <subfield code="t">1</subfield>
    <subfield code="v">250.00</subfield>
    <subfield code="w">2012-02-06</subfield>
    <subfield code="y">EN</subfield>
    <subfield code="z">Legal Case (Register 2019)</subfield>
  </datafield>
  <datafield tag="952" ind1=" " ind2=" ">
    <subfield code="0">0</subfield>
    <subfield code="1">0</subfield>
    <subfield code="4">0</subfield>
    <subfield code="7">0</subfield>
    <subfield code="8">FIC</subfield>
    <subfield code="a">M</subfield>
    <subfield code="b">M</subfield>
    <subfield code="d">2012-02-06</subfield>
    <subfield code="e">Allied Pub/1143/26.09.2011/04/15.09.2011/09.11.2011</subfield>
    <subfield code="g">250.00</subfield>
    <subfield code="l">0</subfield>
    <subfield code="o">N NAR</subfield>
    <subfield code="p">B-445767</subfield>
    <subfield code="r">2012-02-06 00:00:00</subfield>
    <subfield code="t">4</subfield>
    <subfield code="v">250.00</subfield>
    <subfield code="y">EN</subfield>
  </datafield>
  <datafield tag="952" ind1=" " ind2=" ">
    <subfield code="0">0</subfield>
    <subfield code="1">0</subfield>
    <subfield code="4">0</subfield>
    <subfield code="7">0</subfield>
    <subfield code="8">FIC</subfield>
    <subfield code="a">M</subfield>
    <subfield code="b">M</subfield>
    <subfield code="d">2012-02-06</subfield>
    <subfield code="e">Allied Pub/1143/26.09.2011/04/15.09.2011/09.11.2011</subfield>
    <subfield code="g">250.00</subfield>
    <subfield code="l">0</subfield>
    <subfield code="o">N NAR</subfield>
    <subfield code="p">B-445768</subfield>
    <subfield code="r">2012-02-06 00:00:00</subfield>
    <subfield code="t">4</subfield>
    <subfield code="v">250.00</subfield>
    <subfield code="y">EN</subfield>
  </datafield>
  <datafield tag="952" ind1=" " ind2=" ">
    <subfield code="0">0</subfield>
    <subfield code="1">0</subfield>
    <subfield code="4">0</subfield>
    <subfield code="7">0</subfield>
    <subfield code="8">FIC</subfield>
    <subfield code="a">M</subfield>
    <subfield code="b">M</subfield>
    <subfield code="d">2012-02-06</subfield>
    <subfield code="e">Allied Pub/1143/26.09.2011/04/15.09.2011/09.11.2011</subfield>
    <subfield code="g">250.00</subfield>
    <subfield code="l">0</subfield>
    <subfield code="o">N NAR</subfield>
    <subfield code="p">B-445769</subfield>
    <subfield code="r">2012-02-06 00:00:00</subfield>
    <subfield code="t">4</subfield>
    <subfield code="v">250.00</subfield>
    <subfield code="y">EN</subfield>
  </datafield>
  <datafield tag="952" ind1=" " ind2=" ">
    <subfield code="0">0</subfield>
    <subfield code="1">0</subfield>
    <subfield code="4">0</subfield>
    <subfield code="7">0</subfield>
    <subfield code="8">FIC</subfield>
    <subfield code="a">M</subfield>
    <subfield code="b">M</subfield>
    <subfield code="d">2012-02-06</subfield>
    <subfield code="e">Allied Pub/1143/26.09.2011/04/15.09.2011/09.11.2011</subfield>
    <subfield code="g">250.00</subfield>
    <subfield code="l">0</subfield>
    <subfield code="o">N NAR</subfield>
    <subfield code="p">B-445770</subfield>
    <subfield code="r">2012-02-06 00:00:00</subfield>
    <subfield code="t">4</subfield>
    <subfield code="v">250.00</subfield>
    <subfield code="y">EN</subfield>
  </datafield>
  <datafield tag="952" ind1=" " ind2=" ">
    <subfield code="0">0</subfield>
    <subfield code="1">5</subfield>
    <subfield code="4">0</subfield>
    <subfield code="7">0</subfield>
    <subfield code="8">FIC</subfield>
    <subfield code="a">BL1</subfield>
    <subfield code="b">BL1</subfield>
    <subfield code="d">2012-02-06</subfield>
    <subfield code="e">Allied Pub/1143/26.09.2011/04/15.09.2011/09.11.2011</subfield>
    <subfield code="g">250.00</subfield>
    <subfield code="l">0</subfield>
    <subfield code="o">N NAR</subfield>
    <subfield code="p">B-445771</subfield>
    <subfield code="r">2012-02-06 00:00:00</subfield>
    <subfield code="t">1</subfield>
    <subfield code="v">250.00</subfield>
    <subfield code="y">EN</subfield>
  </datafield>
  <datafield tag="952" ind1=" " ind2=" ">
    <subfield code="0">0</subfield>
    <subfield code="1">0</subfield>
    <subfield code="4">0</subfield>
    <subfield code="7">0</subfield>
    <subfield code="8">FIC</subfield>
    <subfield code="a">JP</subfield>
    <subfield code="b">JP</subfield>
    <subfield code="d">2012-02-06</subfield>
    <subfield code="e">Allied Pub/1143/26.09.2011/04/15.09.2011/09.11.2011</subfield>
    <subfield code="g">250.00</subfield>
    <subfield code="l">41</subfield>
    <subfield code="m">7</subfield>
    <subfield code="o">N NAR</subfield>
    <subfield code="p">B-445772</subfield>
    <subfield code="r">2025-08-20 00:00:00</subfield>
    <subfield code="s">2025-07-24</subfield>
    <subfield code="t">1</subfield>
    <subfield code="v">250.00</subfield>
    <subfield code="w">2012-02-06</subfield>
    <subfield code="y">EN</subfield>
  </datafield>
  <datafield tag="952" ind1=" " ind2=" ">
    <subfield code="0">0</subfield>
    <subfield code="1">0</subfield>
    <subfield code="4">0</subfield>
    <subfield code="7">0</subfield>
    <subfield code="8">FIC</subfield>
    <subfield code="a">ZLS</subfield>
    <subfield code="b">ZLS</subfield>
    <subfield code="d">2012-02-06</subfield>
    <subfield code="e">Allied Pub/1143/26.09.2011/04/15.09.2011/09.11.2011</subfield>
    <subfield code="g">250.00</subfield>
    <subfield code="l">0</subfield>
    <subfield code="o">N NAR</subfield>
    <subfield code="p">B-445773</subfield>
    <subfield code="r">2012-02-06 00:00:00</subfield>
    <subfield code="t">1</subfield>
    <subfield code="v">250.00</subfield>
    <subfield code="w">2012-02-06</subfield>
    <subfield code="y">EN</subfield>
  </datafield>
  <datafield tag="952" ind1=" " ind2=" ">
    <subfield code="0">0</subfield>
    <subfield code="1">0</subfield>
    <subfield code="4">0</subfield>
    <subfield code="7">0</subfield>
    <subfield code="8">FIC</subfield>
    <subfield code="a">VP</subfield>
    <subfield code="b">VP</subfield>
    <subfield code="d">2012-02-06</subfield>
    <subfield code="e">Allied Pub/1143/26.09.2011/04/15.09.2011/09.11.2011</subfield>
    <subfield code="g">250.00</subfield>
    <subfield code="l">11</subfield>
    <subfield code="m">2</subfield>
    <subfield code="o">N NAR</subfield>
    <subfield code="p">B-445774</subfield>
    <subfield code="r">2025-06-17 00:00:00</subfield>
    <subfield code="s">2025-06-06</subfield>
    <subfield code="t">1</subfield>
    <subfield code="v">250.00</subfield>
    <subfield code="w">2012-02-06</subfield>
    <subfield code="y">EN</subfield>
  </datafield>
  <datafield tag="952" ind1=" " ind2=" ">
    <subfield code="0">0</subfield>
    <subfield code="1">0</subfield>
    <subfield code="4">0</subfield>
    <subfield code="7">0</subfield>
    <subfield code="8">FIC</subfield>
    <subfield code="a">BL3</subfield>
    <subfield code="b">BL3</subfield>
    <subfield code="d">2012-02-06</subfield>
    <subfield code="e">Allied Pub/1143/26.09.2011/04/15.09.2011/09.11.2011</subfield>
    <subfield code="g">250.00</subfield>
    <subfield code="l">0</subfield>
    <subfield code="o">N NAR</subfield>
    <subfield code="p">B-445775</subfield>
    <subfield code="r">2012-02-06 00:00:00</subfield>
    <subfield code="t">1</subfield>
    <subfield code="v">250.00</subfield>
    <subfield code="w">2012-02-06</subfield>
    <subfield code="y">EN</subfield>
  </datafield>
  <datafield tag="952" ind1=" " ind2=" ">
    <subfield code="0">0</subfield>
    <subfield code="1">0</subfield>
    <subfield code="4">0</subfield>
    <subfield code="7">0</subfield>
    <subfield code="8">FIC</subfield>
    <subfield code="a">NR</subfield>
    <subfield code="b">NR</subfield>
    <subfield code="d">2012-02-06</subfield>
    <subfield code="e">Allied Pub/1143/26.09.2011/04/15.09.2011/09.11.2011</subfield>
    <subfield code="g">250.00</subfield>
    <subfield code="l">0</subfield>
    <subfield code="o">N NAR</subfield>
    <subfield code="p">B-445776</subfield>
    <subfield code="r">2012-02-06 00:00:00</subfield>
    <subfield code="t">1</subfield>
    <subfield code="v">250.00</subfield>
    <subfield code="w">2012-02-06</subfield>
    <subfield code="y">EN</subfield>
  </datafield>
  <datafield tag="952" ind1=" " ind2=" ">
    <subfield code="0">0</subfield>
    <subfield code="1">0</subfield>
    <subfield code="4">0</subfield>
    <subfield code="7">0</subfield>
    <subfield code="8">FIC</subfield>
    <subfield code="a">BL4</subfield>
    <subfield code="b">BL4</subfield>
    <subfield code="d">2012-02-06</subfield>
    <subfield code="e">Allied Pub/1143/26.09.2011/04/15.09.2011/09.11.2011</subfield>
    <subfield code="g">250.00</subfield>
    <subfield code="l">14</subfield>
    <subfield code="m">9</subfield>
    <subfield code="o">N NAR</subfield>
    <subfield code="p">B-445777</subfield>
    <subfield code="r">2025-04-29 00:00:00</subfield>
    <subfield code="s">2025-04-15</subfield>
    <subfield code="t">1</subfield>
    <subfield code="v">250.00</subfield>
    <subfield code="w">2012-02-06</subfield>
    <subfield code="y">EN</subfield>
  </datafield>
</record>
